| 000 | 00597nam a2200145Ia 4500 | ||
|---|---|---|---|
| 008 | 260210s9999 xx 000 0 und d | ||
| 024 | _a10B-020-CE, 10B-023-CE, 10B-024-CE & 10B-031-CE | ||
| 082 | _a621.3976072 HAS | ||
| 100 | _aMuhammad Yousuf Hassan, Syeda Muneeza Humayoune, Syed Tahir & Syed Arsalan | ||
| 245 | 0 | _aUSB to USB Data transfer | |
| 260 |
_aKarachi: _bUITU, _c2010 |
||
| 600 | _aComputer System Engineering | ||
| 650 | _aBachelor of Engineering (BE) | ||
| 856 |
_uhttps://drive.google.com/file/d/1pbIFUcz6UOt7eQXyD0suLGFafDEKWGxn/view?usp=share_link _yClick here for PDF |
||
| 999 |
_c32760 _d32760 |
||